Responses for Show #6712 - Tuesday, November 19, 2013

2013 Teachers Tournament semifinal game 2.

Contestants

[<< previous game]

Becky Giardina, a 7th grade social studies teacher from Martinez, Georgia

Anne Baxter, a kindergarten French teacher from Ypsilanti, Michigan

Patrick Dillon, an elementary music teacher from Huntington, New York

[next game >>]

Jeopardy! Round responses

FLAVOR OF THE MONTH
SCIENCE SURVEY
FLASHIN' SOME FASHION
SOUNDS LIKE FOOTBALL
MOVIES WITH STRUCTURE
INDEPENDENCE NATIONAL HISTORICAL PARK
    $200 18
hummus

Anne
    $200 10
plutonium

Patrick
    $200 13
boots

Anne
    $200 6
a touchdown

Anne
    $200 1
Castle

Patrick
    $200 25
John Hancock

Anne
    $400 20
cinnamon

Patrick
    $400 11
Louis Leakey

Anne
    $400 14
Capri pants

Anne
    $400 7
(Anne: What is interest?)

return

Anne
Triple Stumper
    $400 2
Building

Becky
    $400 27
Ben Franklin

Anne
    $600 22
(Anne: What is apple?)

watermelon

Anne
Triple Stumper
    $600 16
Mercury

Patrick
    $600 15
fishnet

Patrick
    $600 8
tackle

Anne
    $600 3
Mansion

Anne
    $600 28
the Stamp Act

Becky
    $800 23
pumpkin

Becky
    $800 17
(Gregor) Mendel

Becky
    $800 19
tweed

Becky
    $800 9
spike

Patrick
    $800 4
Cabin

Becky
    $800 29
(Patrick: Who is Stowe?)

William Lloyd Garrison

Patrick
Triple Stumper
    $1000 24
SpaghettiOs

Triple Stumper
    $1000 21
(Anne: What's the pancreas?)

the liver

Anne
Triple Stumper
    $1,800 26
a cloche hat

Anne
    $1000 12
(Patrick: What is--a--[shakes head] croissant?)
[Laughter]
(Alex: That's a football term!)

a turnover

Patrick
Triple Stumper
    $1000 5
Palace

Anne
    $1000 30
(Patrick: What is the Treasury?)

the Bank of the United States

PatrickBecky

Scores at the first commercial break (after clue 15):

Patrick Anne Becky
$800 $3,000 $1,200

Scores at the end of the Jeopardy! Round:

Patrick Anne Becky
$0 $4,000 $5,200

Double Jeopardy! Round responses

STAND BY YOUR STAN
TEXTING IN CLASS
CELEBRITY RELATIVES
LET'S ALL CHANT
MAKING A BEE LINE
FRONT TO BACK, BACK TO FRONT
(Alex: Each correct response will be two words that are the reverse of each other, for example "golf" and "flog".)
    $400 7
Afghanistan

Anne
    $400 12
[Alex reads "IANAL" as "I am not a lawyer".]

a professional

Anne
    $400 2
Cheers

Anne
    $400 1
Gregorian chants

Becky
    $400 17
Winnie the Pooh

Anne
    $400 26
pay/yap

Becky
    $800 22
Sunni

Becky
    $800 13
[Alex reads "$" as "bucks" and "yr" as "your".]

the upper crust

Patrick
    $800 3
Sofia Coppola

Anne
    $800 8
Eastern Orthodox

Anne
    $800 18
Muhammad Ali

Anne
    $800 27
(Anne: What is--irate and--mare and--)

mad/dam

AnneBecky
    $1200 23
Gorbachev

Becky
    $1200 14
[Alex reads "OTD" as "out the door" and "BOL" as "best of luck".]

the butler

Patrick
    $1200 4
Robin Thicke

Anne
    $1,500 9
Aida

Anne
    $1200 19
The Secret Life of Bees

Patrick
    $1200 28
diva & avid

Patrick
    $1600 24
Turkmenistan

Becky
    $1600 15
[Alex reads "NK" as "no kidding".]

the Census

Anne
    $1600 5
Anne Bancroft

Anne
    $1600 10
the Iberian peninsula

Patrick
    $1600 20
(Alex: Talkin' about the poor [*].)

drone

Triple Stumper
    $2,200 29
(Alex: Patrick?)
(Patrick: Um...)
[The end-of-round signal sounds.]

lair & rial

Patrick
    $2000 25
(Alex: That's right, with less than a minute to go.)

the Aral Sea

Patrick
    $2000 16
[Alex reads "sec" as "secretary" and "L/T" as "long term".]

the middle class

Anne
    $2000 6
Rashida Jones

Becky
    $2000 11
(Alex: That's it, better known as Carmina Burana.)

O, Fortuna

Patrick
    $2000 21
William Butler Yeats

Triple Stumper

Scores at the end of the Double Jeopardy! Round:

Patrick Anne Becky
$7,800 $15,100 $12,400

[wagering suggestions for these scores]

Final Jeopardy! Round responses

THE 2012 OLYMPICS
(Alex: [To Becky] You were thinking of the movie The Hunger Games, perhaps?)
PatrickWhat is swimming?
$6,800
BeckyWhat is archery?
$12,400
AnneWhat is skateboarding?
$9,701
archery

Final scores:

Patrick Anne Becky
$1,000 $5,399 $24,800
3rd place: $10,000 2nd place: $10,000 Finalist

Game dynamics:

Coryat scores:

Patrick Anne Becky
$10,000 $14,000 $12,400
13 R,
4 W
(including 1 DD)
23 R
(including 2 DDs),
4 W
14 R,
0 W

Combined Coryat: $36,400

[game clues] [game scores] [suggest correction]

Game tape date: 2013-10-23
The J! Archive is created by fans, for fans. Scraping, republication, monetization, and malicious use prohibited; this site may use cookies and collect identifying information. See terms. The Jeopardy! game show and all elements thereof, including but not limited to copyright and trademark thereto, are the property of Jeopardy Productions, Inc. and are protected under law. This website is not affiliated with, sponsored by, or operated by Jeopardy Productions, Inc. Join the discussion at JBoard.tv.